Biblioteca

Imago Dei y diferenciación sexual (Registro nro. 69428)

Detalles MARC
000 -LÍDER
Campo fijo de descripción fija 00887nab a2200193 i 4500
001 - NÚMERO DE CONTROL
Campo de control 768714001
003 - IDENTIFICADOR DEL NÚMERO DE CONTROL
Campo de control CO-MdFUSB
005 - FECHA Y HORA DE LA ULTIMA TRANSACCIÓN
control field 20240430084912.0
008 - ELEMENTOS DE LONGITUD FIJA -- INFORMACIÓN GENERAL
Campo fijo de descripción fija -- Información general 240429b sp ||||| |||| 00| 0 spa d
040 ## - FUENTE DE CATALOGACIÓN
Idioma de catalogación spa
Agencia que realiza la transcripción CO-MdFUSB
Agencia que realiza la modificación CO-MdFUSB
041 ## - CÓDIGO DE IDIOMA
Código de idioma para texto/pista de sonido o título separado spa
100 ## - ASIENTO PRINCIPAL--NOMBRE PERSONAL
Nombre personal Soskice, Janet Martin,
Término relacionador autor
245 ## - TÍTULO
Título Imago Dei y diferenciación sexual
Mención de responsabilidad / Janet Martin Soskice
520 ## - NOTA DE RESUMEN, ETC.
Nota de sumario, etc. Este artículo se centra en la escena de la creación de Eva, que se encuentra en la puerta principal de la catedral de Bolonia, la basílica de san Petronio y fue realizado por Jacopo della Quercia entre 1425 y 1438.
650 #0 - ASIENTO SECUNDARIO DE MATERIA - TERMINO TEMÁTICO
Término temático o nombre geográfico como elemento de entrada Arte y simbolismo cristiano
9 (RLIN) 1142
653 ## - TÉRMINO DE INDIZACIÓN - NO CONTROLADO
Término no controlado Soteriológico y antropológico
773 0# - ASIENTO DE ITEM FUENTE
Biblionumber 49450
Itemnumber 60405
Otro identificador del ítem R0341
Título Revista internacional de teología Concilium
Número de control del registro (CO-MdFUSB)8
Número Internacional Normalizado para Publicaciones Seriadas (ISSN) 0210-1041
Parte(s) relacionada(s) / Volumen., número. (mes año), páginas Número 314, (febrero, 2006), páginas: 41 -48
Enumeración y primera página página: 41
942 ## - TIPO DE MATERIAL (KOHA)
Tipo de Item KOHA Artículos de Revista

No hay ítems disponibles.

Biblioteca FUSBC | Teléfono: (57+4) 349 88 10 Ext. 141| WhatsApp (+57) 3005338115 
E-mail: biblioteca@unisbc.edu.co | Calle 76 87-14 Robledo Palenque, Medellín, Colombia

Con tecnología Koha